Daniel Brühl Filmography - Statistics

General Stats
  • This quiz has been taken 36 times
    11 since last reset
  • The average score is 24 of 87
Answer Stats
Type Year Name % Correct
Film 2016 Captain America: Civil War
80%
Film 2003 Good Bye Lenin!
80%
Film 2009 Inglourious Basterds
60%
Film 2004 Ladies in Lavender
60%
Film 2004 The Edukators
60%
Film 2002 Vaya con Dios
60%
Film 2006 A Friend of Mine
40%
Film 2000 A Handful of Grass
40%
Film 1999 A Monkey's Tale
40%
Film 2006 Cargo
40%
Film 2000 Deeply
40%
Short Film 2004 Der Letzte Flug
40%
Film 2003 Die Klasse von '99 - Schule war Gestern, Leben ist Jetzt
40%
Film 2002 Elephant Heart
40%
Film 2004 Farland
40%
Film 2001 Honolulu
40%
Film 2008 In Tranzit
40%
Film 2009 John Rabe
40%
Film 2005 Joyeux Noel
40%
Film 2008 Krabat
40%
Film 2004 Love in Thoughts
40%
Film 2000 No More School
40%
Film 2001 No Regrets
40%
Film 1999 Paradise Mall
40%
Film 2013 Rush
40%
Film 2006 Salvador
40%
Film 2000 Stundenhotel
40%
Film 2007 The Bourne Ultimatum
40%
Web Mini-Series 2021 The Falcon and the Winter Soldier
40%
Film 2001 The White Sound
40%
Film 2007 Two Days in Paris
40%
Film 2018 7 Days in Entebbe
20%
Film 2011 7 Days in Havana
20%
Film 2022 All Quiet on the Western Front
20%
Film 2011 All Together
20%
Film 2016 Alone in Berlin
20%
Film 2014 A Most Wanted Man
20%
Web Mini-Series 2024 Becoming Karl Lagerfeld
20%
TV Film 1998 Blutiger Ernst
20%
Film 2015 Burnt
20%
Film 2015 Colonia
20%
Film TBA Der Held vom Bahnhof Friedrichstraße
20%
TV Film 1996 Der Pakt - Wenn Kinder Töten
20%
Film 2009 Dinosaurier
20%
Film 2024 Eden
20%
TV Film 2001 Eine Öffentliche Affäre
20%
TV Film 2000 Ein Mörderischer Plan
20%
Film 2011 Eva
20%
TV Show 1997 Freunde fürs Leben
20%
TV Film 1999 Hin und Weg
20%
Short Film 2009 Inglourious Basterds: Stolz der Nation
20%
Film 2011 Intruders
20%
Documentary 2016 Killing for Love
20%
Documentary Series 2017 Killing for Love
20%
Film 2010 King's Road
20%
Film 2011 Lessons of a Dream
20%
Film 2009 Lila, Lila
20%
Film 2015 Me and Kaminski
20%
Film 2019 My Zoe
20%
Film 2021 Next Door
20%
Film 2024 Race for Glory: Audi vs. Lancia
20%
TV Show 1999 Riding the Storm
20%
TV Show 1998 SOKO München
20%
TV Film 1995 Sven's Secret
20%
TV Show 1998, 2000 Tatort
20%
TV Show 2018-2020 The Alienist
20%
Film 2018 The Cloverfield Paradox
20%
Film TBA The Collaboration
20%
Film 2010 The Coming Days
20%
Film 2009 The Countess
20%
Film 2025 The Entertainment System Is Down
20%
Film 2014 The Face of an Angel
20%
Film 2013 The Fifth Estate
20%
TV Show 2024 The Franchise
20%
Film TBA The Gallerist
20%
Film 2021 The King's Man
20%
Film 2023 The Movie Teller
20%
TV Show 2014 The Trip
20%
Film 2012 Two Days in New York
20%
TV Show 1995 Verbotene Liebe
20%
Film 2012 Winning Streak
20%
Film 2015 Woman in Gold
20%
Film 2017 Zookeeper's Wife
20%
Film 2008 A Tram in SP
0%
Documentary 2014 Barcelona, la rosa de foc
0%
TV Documentary 2023 Daniel Brühl: Der Reiz des Bösen
0%
TV Show 1997 Police Call 110
0%
No matching quizzes found
Score Distribution
Percent of People with Each Score
Percentile by Number Answered
Your Score History
You have not taken this quiz since the last reset